Personnages de fiction par nom de leur frère - Statistiques

Statistiques générales
  • Ce quiz a été pris 39 fois
  • Le résultat moyen est 14 sur 50
Statistiques - réponses
Frère Personnage % Correct
Luigi Mario
97%
Mufasa Scar
97%
Tac Tic
91%
Hansel Gretel
82%
Luke Skywalker Leia Organa
79%
Thésée Dragonneau Norbert Dragonneau
67%
Pietro Maximoff Wanda Maximoff
61%
Itachi Uchiwa Sasuke Uchiwa
58%
Titeuf Zizie
58%
Son Goten Son Gohan
55%
Tanjirō Kamado Nezuko Kamado
52%
Edward Elric Alphonse Elric
45%
Boromir Faramir
45%
Dru Gru
45%
Donquixote Rosinante Donquixote Doflamingo
42%
Jonathan Byers Will Byers
39%
Lincoln Burrows Michael Scofield
33%
Nicolas Pimprenelle
33%
T'Challa Shuri
30%
Zeldris Meliodas
27%
Méli Mélo
27%
Gomez Addams Fétide Addams
24%
Ragnar Lothbrok Rollo
21%
Adamaï Yugo
21%
Viserys Ier Targaryen Daemon Targaryen
18%
Émile Rémy
15%
Johnny Storm Susan Storm
15%
Tadashi Hamada Hiro Hamada
12%
Sokka Katara
12%
Raphaël Chen Samuel Chen
12%
Eddie Crash
9%
Teddy Valiant Eddie Valiant
9%
Bétamèche Sélénia
9%
Yuri Briar Yor Forger
9%
Yoichi Shigaraki All For One
6%
Ocean Master Aquaman
6%
Zack Martin Cody Martin
6%
Dexter Dee Dee
6%
Joey Wheeler Serenity Wheeler
6%
Jake Blues Elwood Blues
3%
Michael Banks Jane Banks
3%
Tim Templeton Ted Templeton
3%
Thran Ahito
0%
Barley Lightfoot Ian Lightfoot
0%
Max Martin Lili Martin
0%
Greg Cramp Lucien Cramp
0%
Andy Davis Molly Davis
0%
Seita Setsuko
0%
Andy Bogard Terry Bogard
0%
Hiroki Ishiyama Yumi Ishiyama
0%
Aucun quiz correspondant
Distribution des résultats
% des personnes avec chaque résultat
Percentile par nombre de réponses
Votre historique - résultats
Vous n’avez pas pris ce quiz